
Library Catalogue

| 000 -LEADER | |
|---|---|
| fixed length control field | 02961nam a2200217Ia 4500 |
| 003 - CONTROL NUMBER IDENTIFIER | |
| control field | OSt |
| 005 - DATE AND TIME OF LATEST TRANSACTION | |
| control field | 20210927104531.0 |
| 008 - FIXED-LENGTH DATA ELEMENTS--GENERAL INFORMATION | |
| fixed length control field | 160316s2003 xxu||||| |||| 00| 0 eng d |
| 020 ## - INTERNATIONAL STANDARD BOOK NUMBER | |
| International Standard Book Number | 9780120176502 |
| 040 ## - CATALOGING SOURCE | |
| Transcribing agency | n |
| 082 ## - DEWEY DECIMAL CLASSIFICATION NUMBER | |
| Classification number | 599.335000 |
| Item number | KIE |
| 100 ## - MAIN ENTRY--PERSONAL NAME | |
| Personal name | Kieff F Scott |
| 245 ## - TITLE STATEMENT | |
| Title | Perspectives on properties of the human genome project |
| 260 ## - PUBLICATION, DISTRIBUTION, ETC. | |
| Place of publication, distribution, etc. | London |
| Name of publisher, distributor, etc. | ELSEVIER Academic Press |
| Date of publication, distribution, etc. | 2003 |
| 300 ## - PHYSICAL DESCRIPTION | |
| Extent | 538p |
| Dimensions | xxiii |
| 365 ## - TRADE PRICE | |
| Price amount | Rs.6,689 |
| 505 ## - FORMATTED CONTENTS NOTE | |
| Formatted contents note | Contents<br/>Patenting life forms : yesterday, today, and tomorrow / A.M. Chakrabarty<br/>The evolution of gene patents viewed from the United States Patent Office / Gerald J. Mossinghoff<br/>Competition policy in patent cases and antitrust / Gerald Sobel<br/>Product patents on human DNA sequences : an obstacle for implementing the EU biotech directive? / Joseph Straus<br/>Patenting genetic products and processes : a TRIPS perspective / Charles R. McManis<br/>Enclosing the genome : what squabbles over genetic patents could teach us / James Boyle<br/>Perusing property rights in DNA / F. Scott Kieff<br/>Steady the course : property rights in genetic material / Richard A. Epstein<br/>Varying the course in patenting genetic material : a counter-proposal to Richard Epstein's steady course / Rochelle Cooper Dreyfuss<br/>Reaching through the genome / Rebecca S. Eisenberg --The Human Genome Project in retrospect / Michael Abromowicz<br/>Goat-boy roams the halls? / Justin Hughes<br/>Comment on the tragedy of the anticommons in biomedical research / Edmund W. Kitch<br/>An outsider perspective on intellectual property discourse / David A. Hyman<br/>Saving the patent law from itself : informal remarks concerning the systematic problems afflicting developed intellectual property regimes / J.H. Reichman<br/>Biotechnology's uncertainty principle / Dan L. Burk and Mark A. Lemley<br/>Commentary on the panel presentations / Pauline Newman<br/>Commenting on biotechnology's uncertainty principle<br/>(Mostly) against exceptionalism --<br/>O brave new industry, that has such patents in it! Reflections on the economic consequences of patenting DNA / Iain M. Cockburn<br/>Pharmacogenomics, genetic tests, and patent-based incentives / Michael J. Meurer<br/>The effect of intellectual property on the biotechnology industry / James H. Davis and Michele M. Wales<br/>Are real business people so easily thwarted? / Edward T. Lentz<br/>One size fits all? / Robin Jacob<br/>Some empirical evidence on how technologically complex issues are decided in patent cases in U.S. district courts / Roderick R. McKelvie<br/>How ordinary judges and juries decide the seemingly complex technological questions of patentability over the prior art / F. Scott Kieff<br/>The difficult interface : relations between the sciences and the law / Horace Freeland Judson |
| 650 ## - SUBJECT ADDED ENTRY--TOPICAL TERM | |
| Topical term or geographic name entry element | 1. Human Genome Project 2. Human Gene Mapping3. Human Genome - Legislation & Jurisprudence4. Patents - legislation & Jurisprudence5. Genetic Research - Economics - Ethics |
| 700 ## - ADDED ENTRY--PERSONAL NAME | |
| Personal name | |
| -- | |
| 942 ## - ADDED ENTRY ELEMENTS (KOHA) | |
| Source of classification or shelving scheme | Dewey Decimal Classification |
| Koha item type | BOOKs |
| Withdrawn status | Lost status | Damaged status | Not for loan | Home library | Current library | Shelving location | Date acquired | Cost, normal purchase price | Total Checkouts | Full call number | Barcode | Date last seen | Date last checked out | Price effective from | Koha item type |
|---|---|---|---|---|---|---|---|---|---|---|---|---|---|---|---|
| . | . | 30.05.2017 | 6689.00 | 1 | 599.335 KIE | 19305 | 14.06.2024 | 03.03.2020 | 30.05.2017 | BOOKs |